SPORTS INJURIES PREVENTION, TREATMENT AND REHABILITATION (Record no. 33172)

MARC details
000 -LEADER
fixed length control field 00450nam a22001697a 4500
003 - CONTROL NUMBER IDENTIFIER
control field SGT
020 ## - INTERNATIONAL STANDARD BOOK NUMBER
International Standard Book Number 9780367522049
082 ## - DEWEY DECIMAL CLASSIFICATION NUMBER
Classification number 617.102
Item number S24P
100 ## - MAIN ENTRY--PERSONAL NAME
Personal name PETERSON, LARS
245 ## - TITLE STATEMENT
Title SPORTS INJURIES PREVENTION, TREATMENT AND REHABILITATION
250 ## - EDITION STATEMENT
Edition statement 5TH
260 ## - PUBLICATION, DISTRIBUTION, ETC. (IMPRINT)
Place of publication, distribution, etc NEW YORK
Name of publisher, distributor, etc ROUTLEDGE PUB
Year of Publication 2024
300 ## - PAGE DESCRIPTION
No. of Pages 680
650 ## - SUBJECT ADDED ENTRY--TOPICAL TERM
Topical term or geographic name as entry element SPORT SCIENCE
653 ## - KEYWORDS--INDEX TERM
Keyword term SPORTS INJURIES PREVENTION, TREATMENT AND REHABILITATION
942 ## - ADDED ENTRY ELEMENTS (KOHA)
Source of classification or shelving scheme Dewey Decimal Classification
Koha item type Books
Holdings
Withdrawn status Lost status Source of classification or shelving scheme Damaged status Not for loan Collection code Home library Current library Shelving location Date acquired Vendor Name Cost, normal purchase price SGTU Bill Number Total Checkouts Full call number Accession No. (Barcode) Date last seen Bill Date Koha item type
    Dewey Decimal Classification   Not For Loan MEDICAL SGT Medical Library SGT Medical Library Reference Book 06/10/2025 BRIJWASI BOOK DISTRIBUTORS DELHI 8577.00 SGTU BW/000285   617.102 S24P FM15608 11/11/2025 06/10/2025 Books